Riconosci il Pokémon - Quiz n°95 - Statistics

Statistiche generali
  • Questo quiz è stato fatto 8 volte
  • Il punteggio medio è 8 su 10
Statistiche sulle risposte
Indizio Risposta % Corretto
Tipo Roccia / Erba
100%
Generazione Terza
100%
Peso 23,8 kg
88%
Stadio evoluzione Forma Base
88%
Altezza 1,0 m
75%
Tasso di cattura 45 (11.9%)
75%
Sesso 87.5% ♂, 12.5% ♀
75%
Tasso di allevamento Irregolare
75%
Abilità Ventose; Acquascolo
75%
Pokémon Lileep
63%
Nessun quiz corrispondente trovato
Distribuzione punteggi
Percentuale di utenti per punteggio
Percentile per numero di risposta
I tuoi punteggi nel tempo
Non hai fatto questo quiz